| 000 -LEADER |
| fixed length control field |
02359cam a2200421 a 4500 |
| 001 - CONTROL NUMBER |
| control field |
11848603 |
| 003 - CONTROL NUMBER IDENTIFIER |
| control field |
OSt |
| 005 - DATE AND TIME OF LATEST TRANSACTION |
| control field |
20170126083652.0 |
| 008 - FIXED-LENGTH DATA ELEMENTS--GENERAL INFORMATION |
| fixed length control field |
991123s2000 caua bc 001 0 eng |
| 010 ## - LIBRARY OF CONGRESS CONTROL NUMBER |
| LC control number |
99059416 |
| 020 ## - INTERNATIONAL STANDARD BOOK NUMBER |
| International Standard Book Number |
089236579X (paper) |
| 020 ## - INTERNATIONAL STANDARD BOOK NUMBER |
| International Standard Book Number |
0892365781 |
| 040 ## - CATALOGING SOURCE |
| Original cataloging agency |
DLC |
| Transcribing agency |
DLC |
| Modifying agency |
DLC |
| 043 ## - GEOGRAPHIC AREA CODE |
| Geographic area code |
e-gx--- |
| -- |
e-sz--- |
| 050 00 - LIBRARY OF CONGRESS CALL NUMBER |
| Classification number |
N7433.5 |
| Item number |
.B88 2000 |
| 082 00 - DEWEY DECIMAL CLASSIFICATION NUMBER |
| Classification number |
748.593/09/03107479494 |
| Edition number |
21 |
| 100 1# - MAIN ENTRY--PERSONAL NAME |
| Personal name |
Butts, Barbara. |
| 245 10 - TITLE STATEMENT |
| Title |
Painting on light : |
| Remainder of title |
drawings and stained glass in the age of Dürer and Holbein / |
| Statement of responsibility, etc. |
Barbara Butts and Lee Hendrix with the assistance of Scott C. Wolf ; with contributions by Barbara Giesicke ... [et al.]. |
| 260 ## - PUBLICATION, DISTRIBUTION, ETC. (IMPRINT) |
| Place of publication, distribution, etc. |
[Los Angeles, Calif.] : |
| Name of publisher, distributor, etc. |
J. Paul Getty Museum ; |
| Place of publication, distribution, etc. |
[St. Louis, Mo.] : |
| Name of publisher, distributor, etc. |
St. Louis Art Museum, |
| Date of publication, distribution, etc. |
[c2000] |
| 300 ## - PHYSICAL DESCRIPTION |
| Extent |
xiii, 330 p. : |
| Other physical details |
ill. (some col.) ; |
| Dimensions |
31 cm. |
| 500 ## - GENERAL NOTE |
| General note |
Published on the occasion of an exhibition organized by and held at the J. Paul Getty Museum, Los Angeles, Calif., July 11-Sept. 24, 2000 and the St. Louis Art Museum, St. Louis, Mo., Nov. 4, 2000-Jan. 7, 2001. |
| 500 ## - GENERAL NOTE |
| General note |
Addenda slip inserted. |
| 504 ## - BIBLIOGRAPHY, ETC. NOTE |
| Bibliography, etc |
Includes bibliographical references (p. 313-325) and index. |
| 650 #0 - SUBJECT ADDED ENTRY--TOPICAL TERM |
| Topical term or geographic name as entry element |
Artists' preparatory studies |
| Geographic subdivision |
Germany, Southern |
| Form subdivision |
Exhibitions. |
| 650 #0 - SUBJECT ADDED ENTRY--TOPICAL TERM |
| Topical term or geographic name as entry element |
Artists' preparatory studies |
| Geographic subdivision |
Switzerland |
| Form subdivision |
Exhibitions. |
| 650 #0 - SUBJECT ADDED ENTRY--TOPICAL TERM |
| Topical term or geographic name as entry element |
Drawing, German |
| Geographic subdivision |
Germany, Southern |
| Chronological subdivision |
16th century |
| Form subdivision |
Exhibitions. |
| 650 #0 - SUBJECT ADDED ENTRY--TOPICAL TERM |
| Topical term or geographic name as entry element |
Drawing, Swiss |
| Chronological subdivision |
16th century |
| Form subdivision |
Exhibitions. |
| 650 #0 - SUBJECT ADDED ENTRY--TOPICAL TERM |
| Topical term or geographic name as entry element |
Glass painting and staining |
| Geographic subdivision |
Germany, Southern |
| General subdivision |
History |
| Chronological subdivision |
16th century |
| Form subdivision |
Exhibitions. |
| 650 #0 - SUBJECT ADDED ENTRY--TOPICAL TERM |
| Topical term or geographic name as entry element |
Glass painting and staining |
| Geographic subdivision |
Switzerland |
| General subdivision |
History |
| Chronological subdivision |
16th century |
| Form subdivision |
Exhibitions. |
| 700 1# - ADDED ENTRY--PERSONAL NAME |
| Personal name |
Hendrix, Lee. |
| 700 1# - ADDED ENTRY--PERSONAL NAME |
| Personal name |
Wolf, Scott C., |
| Dates associated with a name |
1956- |
| 710 2# - ADDED ENTRY--CORPORATE NAME |
| Corporate name or jurisdiction name as entry element |
J. Paul Getty Museum. |
| 710 2# - ADDED ENTRY--CORPORATE NAME |
| Corporate name or jurisdiction name as entry element |
St. Louis Art Museum. |
| 856 42 - ELECTRONIC LOCATION AND ACCESS |
| Materials specified |
Publisher description |
| Uniform Resource Identifier |
<a href="http://www.loc.gov/catdir/enhancements/fy0636/99059416-d.html">http://www.loc.gov/catdir/enhancements/fy0636/99059416-d.html</a> |
| 856 42 - ELECTRONIC LOCATION AND ACCESS |
| Materials specified |
Contributor biographical information |
| Uniform Resource Identifier |
<a href="http://www.loc.gov/catdir/enhancements/fy0723/99059416-b.html">http://www.loc.gov/catdir/enhancements/fy0723/99059416-b.html</a> |
| 906 ## - LOCAL DATA ELEMENT F, LDF (RLIN) |
| a |
7 |
| b |
cbc |
| c |
orignew |
| d |
1 |
| e |
ocip |
| f |
19 |
| g |
y-gencatlg |
| 942 ## - ADDED ENTRY ELEMENTS (KOHA) |
| Source of classification or shelving scheme |
|
| Koha item type |
Hard Covered Materials |
| Classification part |
N 7433.5 .B88 2000 |